000
00293nam a2200109Ia 4500
008
200302s9999 xx 000 0 und d
100
_a
C. Dorje and D.N. Dimri
245
_a
Kumbhalgarh the pride of Maharanas of Mewar
260
_b
Aryan Books International
260
_c
2008
300
_a
156 P.,
999
_c
4044
_d
4044